Gömörország

Bibliographic Details
Main Author: Kovács, István B., 1953- (Author)
Format: Article
Language:Slovak
PhysicalDescription:131 s.
Published: Pozsony Kalligram Könyvkiadó 1997
ISBN:8071491640
Subjects:

MARC

LEADER 00000nab a2200000 a 4500
001 vtls001005854
003 SK-MaSNL
005 20260304013255.0
008 040720e19970000xo 0 slo
020 |a 8071491640 
035 |a RV6454 
040 |a RVGKPD  |b slo  |c RVGKPD  |e AACR2 
041 0 |a slo 
044 |a xo  |c SK 
080 |a 943.76  |2 1981 
080 |a 908  |2 1981 
100 1 |a Kovács, István B.,  |d 1953-  |4 aut  |9 114139 
245 1 0 |a Gömörország 
260 |a Pozsony  |b Kalligram Könyvkiadó  |c 1997 
300 |a 131 s. 
650 0 7 |a kultúrne pamiatky  |2 RVGKPD  |9 2862 
650 0 7 |a osobnosti  |2 RVGKPD  |9 29820 
650 0 7 |a dejiny  |2 RVGKPD  |9 3825 
651 7 |a Gemer (Slovensko : región)  |2 RVGKPD  |9 173411 
655 7 |a zborník  |2 snkbucl  |9 377384 
852 |a ZVYKNI  |b KIS3GCP 
999 |c 2575149  |d 2577079